Регионална библиотека "Любен Каравелов" - Русе

Планетата на призраците (Запис номер 98821)

MARC детайли
000 -Лидер
Контролно поле с фиксирана дължина 01380nam a2200313 c 4500
003 - Код на организацията, давaща контролен номер
Контролно поле BLK
005 - Дата и час на последна редакция
Контролно поле 20180422105223.0
008 - Елементи от данни с фиксирана дължина
fixed length control field 180409b bul|||||r ||||||| ||bul||
010 ## - Наследен системен номер
LC control number KNG00103772000
020 ## - Международен стандартен номер на книга ISBN
Международен стандартен номер на книга ISBN 954-570-083-1
-- издат.: Аргус
040 ## - Източник на каталожния запис
Идентификатор на билиотеката - собственик на записа BLK
041 ## - Код за език
Код за езика на текст/звукозапис или на отделно заглавие Български
Код за езика КДБФ Български
080 ## - УДК
Текстов определител УДК Българска литература
УДК код - определител по УДК 821.163.2
УДК определител -322.9
УДК - код + определител 821.163.2-322.9
100 1# - Редна дума - Автор
Автор Николов, Светослав Любенов
Авторска отговорност първи автор
R(LIN) 363855
139 ## - Редно поле
Редна дума Николов, Светослав
Авторски знак Николо - Н 74
245 10 - Сведения за заглавието
Заглавие Планетата на призраците
Подзаглавни данни Сб. фантаст. проза
Редно поле (дума) Светослав Любенов Николов; предг. от Емануел Георгиев Икономов.
260 ## - Област на издателските данни
-- София
Име на издателя, разпространителя и проч. Аргус
Година на издаване 2002
Печатница София : Инвестпрес
300 ## - Физическа характеристика
Страници 189 с.
Размери/Мащаб 20 см
380 ## - Жанр
Жанр Худож. лит.
490 1# - СЕРИИ (Колекции)
Име на серия Нова българска фантастика
№: серия 6
500 ## - Общи забележки
Забележка Офс. изд. - Съдържа и За труда и сътворяването : Интервю с авт. / Ем. Малезанов.
653 ## - Ключова дума – ненормативна
Ключова дума фантастика
700 1# - Други автори (авторска отговорност)
Лично име Икономов, Емануел Георгиев
Автороска отговорност (Описва отношението между автора и произведението) предг. от
9 (RLIN) 364109
852 ## - Местоположение
Форматна сигнатура Цб 213247
856 4# - Електронен адрес и достъп
Електронен формат pdf - файл
Път до файла /url/
856 4# - Електронен адрес и достъп
Електронен формат pdf - файл
Път до файла /url/
942 ## - АРТИКУЛИ
Вид на библиотечния материал Книги
Скрит в OPAC Не
944 ## - СЪЗДАВАНЕ И РЕДАКЦИЯ на ЗАПИСА
Създаване/Редакция Създаване
Дата на регистрацията/редакция 01.01.2002
Служител, извършил регистрацията/редакцията Людмила_Стоянова
944 ## - СЪЗДАВАНЕ И РЕДАКЦИЯ на ЗАПИСА
Създаване/Редакция Редакция
Дата на регистрацията/редакция 28.12.2005
Служител, извършил регистрацията/редакцията
999 ## - СИСТЕМНИ КОНТРОЛНИ НОМЕРА
Koha biblionumber 98821
Koha biblioitemnumber 98821
Наличности
Код за отписване Код за изгубен артикул Код за повреда Коз за рестрикции Код за отдаване Артикулен № Име на библиотеката - собственик Име на библиотеката, в която се намира в момента Статус (Текущо местоположение) Дата на вписване в системата Местоположение - отдел Цена в лева Инвентарен номер Систематично азбучна сигнатура Баркод Номер на екземпляра Цена в евро Служебна бележка Служебен тип на артикула
  Не е изгубен Не е повреден без рестрикции ползва се в читалня 159036 Регионална библиотека "Любен Каравелов" Русе Регионална библиотека "Любен Каравелов" Русе Хранилище 2002-11-29 Хранилище 4.00 120000673518 Цб 213247 120000673518 1 2.05 Дост: Dp Вид: Д N: 13 Дата: 19.03.2002 Книги
  Не е изгубен Не е повреден без рестрикции заемане за дома 159037 Регионална библиотека "Любен Каравелов" Русе Регионална библиотека "Любен Каравелов" Русе Заемна - подръчен фонд 2005-12-21 Заемна - подръчен фонд 4.00 120000698897 П 886.7-32/Н 74 120000698897 2 2.05 Дост: DA Вид: А N: 27 Дата: 21.12.2005 Дата инв: 13.02.2018 Бележки инв: П2018 Книги
Vip Innovations Ltd, Rousse, Bulgaria 2025